Modern Indian literature: An anthology; Vol.2 Plays and prose
保存先:
| フォーマット: | 図書 |
|---|---|
| 言語: | Undetermined |
| 出版事項: |
Hamdard Marg, Delhi
Sahitya Akademi
1992
|
| 主題: | |
| タグ: |
タグ追加
タグなし, このレコードへの初めてのタグを付けませんか!
|
| Thư viện lưu trữ: | Trung tâm Học liệu Trường Đại học Cần Thơ |
|---|
| LEADER | 00519nam a2200169Ia 4500 | ||
|---|---|---|---|
| 001 | CTU_34028 | ||
| 008 | 210402s9999 xx 000 0 und d | ||
| 082 | |a 808.2 | ||
| 082 | |b M384/Vol.2 | ||
| 245 | 0 | |a Modern Indian literature: An anthology; Vol.2 | |
| 245 | 0 | |b Plays and prose | |
| 260 | |a Hamdard Marg, Delhi | ||
| 260 | |b Sahitya Akademi | ||
| 260 | |c 1992 | ||
| 650 | |a indic drama - collections,indic literature - 20th century | ||
| 904 | |i Minh, 991119 | ||
| 980 | |a Trung tâm Học liệu Trường Đại học Cần Thơ | ||